Регионална библиотека "Любен Каравелов" - Русе

Сборник на българските юридически обичаи (Запис номер 135455)

MARC детайли
000 -Лидер
Контролно поле с фиксирана дължина nam a22 a 4500
003 - Код на организацията, давaща контролен номер
Контролно поле BLK
005 - Дата и час на последна редакция
Контролно поле 20201013132909.0
008 - Елементи от данни с фиксирана дължина
fixed length control field 180409b bul|||||r ||||||| ||bul||
010 ## - Наследен системен номер
LC control number KNG00141381000
040 ## - Източник на каталожния запис
Идентификатор на билиотеката - собственик на записа BLK
041 ## - Код за език
Код за езика на текст/звукозапис или на отделно заглавие Български
Код за езика КДБФ Български
072 #7 - Код за тематичната категория
Код организация bullib
Код за тематична категория Ц
Текст Редки и ценни
080 ## - УДК
Текстов определител УДК Право
УДК код - определител по УДК 34
УДК определител (497.2)
УДК - код + определител 34(497.2)
080 ## - УДК
Текстов определител УДК Държавно право. Конституционно право. Административно право. Вж и 321 ; 35
УДК код - определител по УДК 342
УДК определител (497.2)
УДК - код + определител 342(497.2)
080 ## - УДК
Текстов определител УДК Нрави и обичаи в частния живот. Обреди при раждане, кръщене, пълнолетие, жертвопринасяне, сватба, семеен живот, брак, любов, дружба, гостоприемство, осиновяване и др.
УДК код - определител по УДК 392
УДК определител (497.2)
УДК - код + определител 392(497.2)
139 ## - Редно поле
Редна дума Бобчев, Стефан Савов
Авторски знак Бобч - Б 53
245 10 - Сведения за заглавието
Заглавие Сборник на българските юридически обичаи
Подзаглавни данни Ч. 1 - 2
Редно поле (дума) събр. и наредил Стефан Савов Бобчев.
Том Ч. 2
Заглавие на том Държавно право
257 ## - Страна на издаване
Страна на създаване/издаване България
260 ## - Област на издателските данни
Година на издаване 1896 - 1908
Печатница Пловдив : печ. Единство
-- За том: София : печ. П. М. Бъзайтов
Място на издаване, разпространение и проч. София
300 ## - Физическа характеристика
Размери/Мащаб 23 см
380 ## - Жанр
Жанр Обществени науки
490 ## - СЕРИИ (Колекции)
9 (RLIN) 435080
Име на серия Колекция Редки и ценни издания
500 ## - Общи забележки
Забележка Подв. към Т.1. Ч.1. със сигн. Рб 896 и инв. № 12848-І-1.
650 #4 - Допълнително описание по предмет – тема
Основно описание – тема или топоним Държавно право - България
9 (RLIN) 281209
650 #4 - Допълнително описание по предмет – тема
Основно описание – тема или топоним Общинско управление
9 (RLIN) 270790
650 #4 - Допълнително описание по предмет – тема
Основно описание – тема или топоним Население - България - етнически проблеми
9 (RLIN) 245959
650 #4 - Допълнително описание по предмет – тема
Основно описание – тема или топоним Народни обичаи и обреди - България
9 (RLIN) 265720
651 #4 - Допълнително описание по предмет - топоним
Географско понятие България
9 (RLIN) 241624
653 ## - Ключова дума – ненормативна
Ключова дума държавно право
653 ## - Ключова дума – ненормативна
Ключова дума общинско управление
653 ## - Ключова дума – ненормативна
Ключова дума население
653 ## - Ключова дума – ненормативна
Ключова дума народни обичаи
659 ## - Тематичен бюлетин
Тематичен бюлетин Ц
700 1# - Други автори (авторска отговорност)
Лично име Бобчев, Стефан Савов
Автороска отговорност (Описва отношението между автора и произведението) събр. и наредил
9 (RLIN) 366175
760 1# - Описание на основната серия
Място на издаване, издател и година София, 1908
Страници - том 300 с.
Забележка - том Съдържа и Допълнения. - Подв. към Сборник на българските юридически обичаи. Ч. 1 със същата сигн. и инв. № 12848-І-1.
Заглавие Ч. 2 Държавно право
852 ## - Местоположение
Форматна сигнатура Рб 896
Фондова буква Редки и ценни
856 4# - Електронен адрес и достъп
Електронен формат pdf - файл
856 4# - Електронен адрес и достъп
Електронен формат pdf - файл
999 ## - СИСТЕМНИ КОНТРОЛНИ НОМЕРА
Koha biblionumber 135455
Koha biblioitemnumber 135455
942 ## - АРТИКУЛИ
Вид на библиотечния материал Книги
Скрит в OPAC Не
Периодичен библиозапис Да
944 ## - СЪЗДАВАНЕ И РЕДАКЦИЯ на ЗАПИСА
Създаване/Редакция Създаване
Дата на регистрацията/редакция 27.03.2013
Статус, дата на статуса ф / 27.03.2013
Служител, извършил регистрацията/редакцията Людмила_Стоянова
944 ## - СЪЗДАВАНЕ И РЕДАКЦИЯ на ЗАПИСА
Създаване/Редакция Редакция
Дата на регистрацията/редакция 18.10.2013
Статус, дата на статуса ф / 27.03.2013
999 ## - СИСТЕМНИ КОНТРОЛНИ НОМЕРА
Koha biblioitemnumber 135455
Наличности
Код за отписване Код за изгубен артикул Източник на класификационната схема Код за повреда Коз за рестрикции Код за отдаване Артикулен № Име на библиотеката - собственик Име на библиотеката, в която се намира в момента Статус (Текущо местоположение) Дата на вписване в системата Местоположение - отдел Цена в лева Инвентарен номер Систематично азбучна сигнатура Баркод Номер на екземпляра Цена в евро Служебна бележка Служебен тип на артикула
  Не е изгубен Universal Decimal Classification Не е повреден само за читалня Специални фондове ( старопечатни, редки и ценни, фонд М. Арнаудов) 221443 Регионална библиотека "Любен Каравелов" Русе Регионална библиотека "Любен Каравелов" Русе Редки и ценни 2013-06-25 Редки и ценни 30.00 120000767410 Рб 896 120000767410 1 15.34 Дост: DA Вид: А N: 14 Дата: 25.06.2013 Дата инв: 19.12.2016 Бележки инв: Рц2016 Книги
Vip Innovations Ltd, Rousse, Bulgaria 2025